| 000 -LEADER |
| fixed length control field |
00803cam a22002298i 4500 |
| 003 - CONTROL NUMBER IDENTIFIER |
| control field |
OSt |
| 005 - DATE AND TIME OF LATEST TRANSACTION |
| control field |
20200521132549.0 |
| 008 - FIXED-LENGTH DATA ELEMENTS--GENERAL INFORMATION |
| fixed length control field |
170801s2017 nju b 001 0 eng |
| 020 ## - INTERNATIONAL STANDARD BOOK NUMBER |
| International Standard Book Number |
9781118928776 (pbk.) |
| 042 ## - AUTHENTICATION CODE |
| Authentication code |
pcc |
| 082 00 - DEWEY DECIMAL CLASSIFICATION NUMBER |
| Classification number |
720.47GOR |
| Edition number |
23 |
| 100 1# - MAIN ENTRY--PERSONAL NAME |
| Personal name |
Gorgolewski, Mark, |
| Relator term |
author. |
| 245 10 - TITLE STATEMENT |
| Title |
Resource salvation : |
| Remainder of title |
the architecture of reuse / |
| Statement of responsibility, etc |
Mark Gorgolewski, Ryerson Polytecnic University, Toronto. |
| 263 ## - PROJECTED PUBLICATION DATE |
| Projected publication date |
1711 |
| 300 ## - PHYSICAL DESCRIPTION |
| Extent |
pages cm |
| 504 ## - BIBLIOGRAPHY, ETC. NOTE |
| Bibliography, etc |
Includes bibliographical references and index. |
| 650 #0 - SUBJECT ADDED ENTRY--TOPICAL TERM |
| Topical term or geographic name as entry element |
Sustainable architecture. |
| 650 #0 - SUBJECT ADDED ENTRY--TOPICAL TERM |
| Topical term or geographic name as entry element |
Buildings |
| General subdivision |
Salvaging. |
| 650 #0 - SUBJECT ADDED ENTRY--TOPICAL TERM |
| Topical term or geographic name as entry element |
Building materials |
| General subdivision |
Recycling. |
| 776 08 - ADDITIONAL PHYSICAL FORM ENTRY |
| Display text |
Online version: |
| Main entry heading |
Gorgolewski, Mark, author. |
| Title |
Resource salvation |
| Place, publisher, and date of publication |
Hoboken, NJ : Wiley, 2017 |
| International Standard Book Number |
9781118928783 |
| Record control number |
(DLC) 2017036799 |
| 942 ## - ADDED ENTRY ELEMENTS (KOHA) |
| Source of classification or shelving scheme |
|